Brolloks en Bittergal : (Record no. 795510)

MARC details
000 -LEADER
fixed length control field 00896nam a22002657b 4500
003 - CONTROL NUMBER IDENTIFIER
control field 3228
005 - DATE AND TIME OF LATEST TRANSACTION
control field 20260330163228.0
008 - FIXED-LENGTH DATA ELEMENTS--GENERAL INFORMATION
fixed length control field 260330b sa a|||j |||| 00| 1 AFR d
020 ## - INTERNATIONAL STANDARD BOOK NUMBER
International Standard Book Number 0624010058 (hardback)
040 ## - CATALOGING SOURCE
Original cataloging agency MPL
Language of cataloging eng
Transcribing agency 2000
Description conventions Resource Description and Access
041 ## - LANGUAGE CODE
Language code of text/sound track or separate title Afrikaans
082 #0 - DEWEY DECIMAL CLASSIFICATION NUMBER
Classification number ATF LANG
100 ## - MAIN ENTRY--PERSONAL NAME
9 (RLIN) 121598
Personal name Langenhoven, C.J.
Relator term author
245 ## - TITLE STATEMENT
Title Brolloks en Bittergal :
Remainder of title Wonderstories vir die kindertjies /
Statement of responsibility, etc. C.J. Langenhoven ; met illustrasies deur Cora Coetzee
250 ## - EDITION STATEMENT
Edition statement Eerste nuwe uitgawe
260 ## - PUBLICATION, DISTRIBUTION, ETC.
Place of publication, distribution, etc. Kaapstad :
Name of publisher, distributor, etc. Tafelberg-Uitgewers ,
Date of publication, distribution, etc. 1982.
300 ## - PHYSICAL DESCRIPTION
Extent 105 pages :
Other physical details illustrations ;
Dimensions 22 cm
655 #0 - INDEX TERM--GENRE/FORM
9 (RLIN) 188476
Genre/form data or focus term Youth Fiction
655 #0 - INDEX TERM--GENRE/FORM
9 (RLIN) 188558
Genre/form data or focus term Short Stories Fiction
655 #0 - INDEX TERM--GENRE/FORM
9 (RLIN) 188670
Genre/form data or focus term Human Relations Fiction
655 #0 - INDEX TERM--GENRE/FORM
9 (RLIN) 186859
Genre/form data or focus term Fantasy fiction
655 #0 - INDEX TERM--GENRE/FORM
9 (RLIN) 188487
Genre/form data or focus term Animal Stories
700 ## - ADDED ENTRY--PERSONAL NAME
9 (RLIN) 196308
Personal name Coetzee, Cora
Relator term illustrations
942 ## - ADDED ENTRY ELEMENTS
Source of classification or shelving scheme Dewey Decimal Classification
item type Books
-- 296
-- Phillipina Naude
-- 296
-- Phillipina Naude
Holdings
Withdrawn status Lost status Source of classification or shelving scheme Damaged status Not for loan Collection code Home library Current library Shelving location Date acquired Total Checkouts Full call number Barcode Date last seen Price effective from item type Public note
    Dewey Decimal Classification     Fiction Klipfontein PL (MMID-PLEM-KLIP) Klipfontein PL (MMID-PLEM-KLIP) Children's Area 30.03.2026   ATF LANG 139398 30.03.2026 30.03.2026 Books DC78236